<?xml version="1.0" encoding="UTF-8"?>
<record
    xmlns:xsi="http://www.w3.org/2001/XMLSchema-instance"
    xsi:schemaLocation="http://www.loc.gov/MARC21/slim http://www.loc.gov/standards/marcxml/schema/MARC21slim.xsd"
    xmlns="http://www.loc.gov/MARC21/slim">

  <leader>01066nam a22002657a 4500</leader>
  <controlfield tag="005">20170124103224.0</controlfield>
  <datafield tag="010" ind1=" " ind2=" ">
    <subfield code="a">A-980326</subfield>
  </datafield>
  <datafield tag="020" ind1=" " ind2=" ">
    <subfield code="c">25.00</subfield>
    <subfield code="a">8170283200</subfield>
  </datafield>
  <datafield tag="035" ind1=" " ind2=" ">
    <subfield code="a">A-980326</subfield>
  </datafield>
  <datafield tag="037" ind1=" " ind2=" ">
    <subfield code="b">Cen Lib/Ret</subfield>
  </datafield>
  <datafield tag="040" ind1=" " ind2=" ">
    <subfield code="a">DPL</subfield>
    <subfield code="b">HN</subfield>
  </datafield>
  <datafield tag="082" ind1=" " ind2=" ">
    <subfield code="a">822</subfield>
    <subfield code="b">&#x936;&#x947;&#x915;&#x94D;&#x938;&#x92A;&#x93F;</subfield>
  </datafield>
  <datafield tag="100" ind1=" " ind2=" ">
    <subfield code="a">&#x936;&#x947;&#x915;&#x94D;&#x938;&#x92A;&#x93F;&#x92F;&#x930;</subfield>
    <subfield code="9">140979</subfield>
  </datafield>
  <datafield tag="245" ind1=" " ind2=" ">
    <subfield code="a">&#x92E;&#x948;&#x915;&#x92C;&#x947;&#x925; :</subfield>
    <subfield code="c">&#x936;&#x947;&#x915;&#x94D;&#x938;&#x92A;&#x93F;&#x92F;&#x930; ; &#x905;&#x928;&#x941;&#x935;&#x93E;&#x926;&#x915; &#x930;&#x93E;&#x902;&#x917;&#x947;&#x92F; &#x930;&#x93E;&#x918;&#x935; </subfield>
  </datafield>
  <datafield tag="246" ind1=" " ind2=" ">
    <subfield code="a">Mekbeth /</subfield>
    <subfield code="b">by Shekpiyir ; translated by Ragay Raghav</subfield>
  </datafield>
  <datafield tag="260" ind1=" " ind2=" ">
    <subfield code="a"> &#x926;&#x93F;&#x932;&#x94D;&#x932;&#x940; </subfield>
    <subfield code="b">&#x930;&#x93E;&#x91C;&#x92A;&#x93E;&#x932; &#x90F;&#x902;&#x921; &#x938;&#x902;&#x938; </subfield>
    <subfield code="c">1999</subfield>
  </datafield>
  <datafield tag="270" ind1=" " ind2=" ">
    <subfield code="b">&#x926;&#x93F;&#x932;&#x94D;&#x932;&#x940;  </subfield>
    <subfield code="a">&#x915;&#x936;&#x94D;&#x92E;&#x940;&#x930;&#x940; &#x917;&#x947;&#x91F; </subfield>
    <subfield code="e">110006</subfield>
  </datafield>
  <datafield tag="300" ind1=" " ind2=" ">
    <subfield code="a">114.</subfield>
    <subfield code="c">20&#x938;&#x947;&#x92E;&#x940;</subfield>
  </datafield>
  <datafield tag="650" ind1=" " ind2=" ">
    <subfield code="a">Hindi stories </subfield>
    <subfield code="x"> </subfield>
    <subfield code="z"> </subfield>
    <subfield code="9">140980</subfield>
  </datafield>
  <datafield tag="650" ind1=" " ind2=" ">
    <subfield code="a">&#x939;&#x93F;&#x902;&#x926;&#x940; &#x915;&#x939;&#x93E;&#x928;&#x93F;&#x92F;&#x93E;</subfield>
    <subfield code="9">140981</subfield>
  </datafield>
  <datafield tag="650" ind1=" " ind2=" ">
    <subfield code="a">Public administration -- Dictionaries.</subfield>
    <subfield code="9">80705</subfield>
  </datafield>
  <datafield tag="650" ind1=" " ind2=" ">
    <subfield code="a">Banks and banking -- Dictionaries.</subfield>
    <subfield code="9">80706</subfield>
  </datafield>
  <datafield tag="700" ind1=" " ind2=" ">
    <subfield code="a">&#x930;&#x93E;&#x902;&#x917;&#x947;&#x92F; &#x930;&#x93E;&#x918;&#x935; </subfield>
    <subfield code="9">140982</subfield>
  </datafield>
  <datafield tag="942" ind1=" " ind2=" ">
    <subfield code="2">ddc</subfield>
    <subfield code="c">HN</subfield>
    <subfield code="h">822</subfield>
    <subfield code="m">&#x936;&#x947;&#x915;&#x94D;&#x938;&#x92A;&#x93F;</subfield>
  </datafield>
  <datafield tag="999" ind1=" " ind2=" ">
    <subfield code="c">122076</subfield>
    <subfield code="d">122076</subfield>
  </datafield>
  <datafield tag="952" ind1=" " ind2=" ">
    <subfield code="0">0</subfield>
    <subfield code="1">0</subfield>
    <subfield code="4">0</subfield>
    <subfield code="7">0</subfield>
    <subfield code="a">L</subfield>
    <subfield code="b">L</subfield>
    <subfield code="d">2016-03-19</subfield>
    <subfield code="e">Cen Lib/Ret</subfield>
    <subfield code="g">25.00</subfield>
    <subfield code="l">3</subfield>
    <subfield code="m">2</subfield>
    <subfield code="o">822 &#x936;&#x947;&#x915;&#x94D;&#x938;&#x92A;&#x93F;</subfield>
    <subfield code="p">A-980326</subfield>
    <subfield code="r">2018-05-01 00:00:00</subfield>
    <subfield code="s">2018-04-13</subfield>
    <subfield code="t">1</subfield>
    <subfield code="v">25.00</subfield>
    <subfield code="w">2016-03-19</subfield>
    <subfield code="y">HN</subfield>
  </datafield>
</record>
